=LDR 00000nam 2200000 4500 =001 INLIS000000000030420 =005 20130612132551 =008 ***********************************Ind** =035 ##$$0010-061300000030420 =041 ##$$a Ind =082 ##$$a F Rom D =090 ##$$a F Rom D, Cam o =100 ##$$a Camus, Albert =245 ##$$a Orang asing, Albert Camus =260 ##$$a 1985 $b Jakarta =300 ##$$a 102 hlm, 21 cm =650 ##$$a Fiksi Dewasa =850 ##$$a NBPNMAT